UK property prospects (Record no. 107357)

MARC details
000 -LEADER
fixed length control field 01189cad a22002295a 4500
001 - CONTROL NUMBER
control field L139827
008 - FIXED-LENGTH DATA ELEMENTS--GENERAL INFORMATION
fixed length control field 070813s2007 xxkd f s 000 0 eng d
035 ## - SYSTEM CONTROL NUMBER
System control number (Sirsi) u139827
041 0# - LANGUAGE CODE
Language code of text/sound track or separate title eng
050 04 - LIBRARY OF CONGRESS CALL NUMBER
Classification number 333.33 $2 18
110 2# - MAIN ENTRY--CORPORATE NAME
Corporate name or jurisdiction name as entry element CB Richard Ellis
9 (RLIN) 3675
245 00 - TITLE STATEMENT
Title UK property prospects
Remainder of title July 2007
Medium [electronic resource]
260 ## - PUBLICATION, DISTRIBUTION, ETC.
Place of publication, distribution, etc. London
Name of publisher, distributor, etc. CBRE
Date of publication, distribution, etc. 2007
490 #0 - SERIES STATEMENT
Series statement CB Richard Ellis UK Property Prospects
Volume/sequential designation July 2007
520 ## - SUMMARY, ETC.
Summary, etc. Reports that total investment into UK commercial real estate was £13bn in the second quarter of 2002, slightly above the previous quarter and in line with 2006 levels. However, a period of much weaker returns is predicted, with CB Richard Ellis forecasting an all property turn return for UK commercial property of 5.5% in 2007, dropping to 5% in 2008. Offices are forecast to be the best performing sector, with retail the weakest.
590 ## - LOCAL NOTE (RLIN)
Local note KA
650 24 - SUBJECT ADDED ENTRY--TOPICAL TERM
Topical term or geographic name entry element CB RICHARD ELLIS UK PROPERTY PROSPECTS
651 #4 - SUBJECT ADDED ENTRY--GEOGRAPHIC NAME
Geographic name United Kingdom
Chronological subdivision
690 ## - LOCAL SUBJECT ADDED ENTRY--TOPICAL TERM (OCLC, RLIN)
Topical term or geographic name as entry element PROPERTY-COMMERCIAL PROPERTY-COMMERCIAL PROPERTY MARKET
856 40 - ELECTRONIC LOCATION AND ACCESS
Uniform Resource Identifier <a href="https://www.cbre.co.uk">https://www.cbre.co.uk</a>
Public note View the item free of charge via the UK InfoMAP facility at www.cbre.co.uk...
942 ## - ADDED ENTRY ELEMENTS (KOHA)
Suppress in OPAC 0
Holdings
Withdrawn status Lost status Source of classification or shelving scheme Damaged status Not for loan Home library Current library Shelving location Date acquired Total Checkouts Full call number Barcode Date last seen Copy number Price effective from Koha item type
    Dewey Decimal Classification     Virtual Virtual Online 13/08/2007   ONLINE PUBLICATION 139827-2001 06/08/2019 1 06/08/2019 Book